000 00619nam a22001937a 4500
003 koha_MIRAKIL
005 20231213095919.0
008 231213b |||||||| |||| 00| 0 ||| d
020 _b9-75458219-X
040 _aTR-IsEVY
_btur
_cTR-IsEVY
082 _a923.1 SUL
100 _aeditör Selmin Kangal ; çeviren Priscilla Mary Işın.
245 4 _aThe sultan's portrait
_bpicturing the House of Osman
260 _bTürkiye İş Bankası,
_c2000
300 _a576 s.
650 _aPadişahlar -- Türkiye -- Portreler -- Sergiler.
650 _aSultans -- Turkey -- Portraits -- Exhibitions.
942 _2ddc
_cBK
999 _c11499
_d11499